The tomb of Pugu Yitu (635-678) in Mongolia Tang-Turkic diplomacy and ritual /
Elmentve itt :
| Szerző: | |
|---|---|
| Testületi szerző: | |
| Dokumentumtípus: | Könyv része |
| Megjelent: |
University of Szeged
2019
|
| Sorozat: | Studia uralo-altaica
Competing narratives between nomadic people and their sedentary neighbours : papers of the 7th International conference on the Medieval history of the Eurasian steppe. Nov. 9-12, 2018, Shanghai University, China |
| Kulcsszavak: | Pugu Yitu, Diplomácia - Kína-Mongólia, Régészet - leletek |
| Tárgyszavak: | |
| Online Access: | http://acta.bibl.u-szeged.hu/68033 |
| LEADER | 01169naa a2200241 i 4500 | ||
|---|---|---|---|
| 001 | acta68033 | ||
| 005 | 20220118075320.0 | ||
| 008 | 200506s2019 hu o 0|| eng d | ||
| 020 | |a 978-963-306-714-7 | ||
| 022 | |a 0133-4239 | ||
| 040 | |a SZTE Egyetemi Kiadványok Repozitórium |b hun | ||
| 041 | |a eng | ||
| 100 | 1 | |a Skaff Jonathan Karam | |
| 245 | 1 | 4 | |a The tomb of Pugu Yitu (635-678) in Mongolia |h [elektronikus dokumentum] : |b Tang-Turkic diplomacy and ritual / |c Skaff Jonathan Karam |
| 260 | |a University of Szeged |c 2019 | ||
| 300 | |a 295-307 | ||
| 490 | 0 | |a Studia uralo-altaica | |
| 490 | 0 | |a Competing narratives between nomadic people and their sedentary neighbours : papers of the 7th International conference on the Medieval history of the Eurasian steppe. Nov. 9-12, 2018, Shanghai University, China | |
| 650 | 4 | |a Bölcsészettudományok | |
| 650 | 4 | |a Történettudomány és régészet | |
| 695 | |a Pugu Yitu, Diplomácia - Kína-Mongólia, Régészet - leletek | ||
| 710 | |a International conference on the Medieval history of the Eurasian steppe (7.) (2018) (Shanghai) | ||
| 856 | 4 | 0 | |u http://acta.bibl.u-szeged.hu/68033/1/altaica_053_295-307.pdf |z Dokumentum-elérés |